000 00724nam a22002057a 4500
005 20241025163533.0
010 _aENG-142435
020 _a9788119337750
_c999.00
035 _aEN-125967
037 _bDBAD
082 _a338.04
_21
245 _aENTREPRENEURSHIP AND ECONOMIC DEVELOPMENT:
_bNAVIGATING MANAGEMENT RESEARCH AND STRATEGIC CHALLENGES/
_cEdited By R.Gopinath and Mr.S.Vevek
250 _a1
260 _aMadurai
_bShanlax Publications
_c2024
270 _a61, T.P.K. Main Road, Vasantha Nagar
_bMadurai
_e625003
_mshanlax_1990@yahoo.com
300 _a236p.
_c25cm(pb)
700 _aGopinath , R.
_eEditor
_973524
700 _aVevek, Mr.S.
_eEditor
_973525
942 _2ddc
_cEN
_h338.04
_mENT
_e1
999 _c206783
_d206783